000 01446nam a22003737a 4500
003 CHAP
005 20220329134016.0
008 971013s1976 r 00010 d
010 _a14015
011 _a14987
035 _a19061
040 _cCHAP
090 _aTesis
100 0 0 _aGonzález González, Juan Adolfo.
_948968
245 _aEvaluación de la entresiembra de trébol ladino (Trifolium repens L.) en una pradera de bermuda cruza-1 (Cynodon dactylon) con fertilización de macro y micro-elementos para obtener forraje de invierno en Cadereyta Jiménes, N.L.
260 _a(Monterrey, N.L.) :
_bEl autor,
_c1976
300 _a66 g.
_b: gráfs
502 _aTesis (Ing. Agrónomo Administrador) -- ITESM. Div. de Ciencias Agropecuarias y Marítimas
590 _aALEPH
_b10
_c20130110
_lUCH01
_h1234
590 _aBATCH-UPD
_b10
_c20130110
_lUCH01
_h0132
590 _aBATCH-UPD
_b10
_c20130110
_lUCH01
_h2045
590 _aBATCH-UPD
_b10
_c20130409
_lUCH01
_h2128
590 _aBATCH-UPD
_b10
_c20130410
_lUCH01
_h1359
590 _aBATCH-UPD
_b10
_c20130914
_lUCH01
_h1425
590 _aCONVERSION
_b10
_c20130109
_lUCH01
_h1309
650 1 4 _aCynodon dactylon.
_930800
650 1 4 _aForrajes
_xNuevo León.
_942586
650 1 4 _aFósforo
_xEfecto en pastos.
_942248
650 1 4 _aNitrógeno
_xEfecto en pastos.
_981455
650 1 4 _aTrébol blanco.
_9115252
901 _aBK
942 _cTESIS
949 _bBC
_cTES
_d-44248
_eTS1
_i19061
_si
999 _c14015
_d14015